|
|
|
|
| LEADER |
00000nam a22000007a 4500 |
| 005 |
20170530222531.0 |
| 007 |
cr|||| |||| |
| 008 |
170530s2014 mx |||||s|||| 00||0 spa d |
| 020 |
|
|
|a 978-607-8237-34-0
|
| 035 |
|
|
|a 20302
|
| 040 |
|
|
|a vLex
|
| 090 |
|
|
|c 6731
|d 6731
|
| 100 |
1 |
|
|a Villagm̤ez, F. Alejandro
|
| 245 |
1 |
2 |
|a El ahorro en Mx̌ico
|h [Recurso electrn̤ico] /
|c F. Alejandro Villagm̤ez
|
| 256 |
|
|
|a Servicio en ln̕ea
|
| 260 |
|
|
|a Mx̌ico DF:
|b Nostra Ediciones,
|c 2014
|
| 300 |
|
|
|a 1 recurso electrn̤ico
|
| 500 |
|
|
|a El ahorro es un factor esencial para el desarrollo y fortalecimiento de cualquier economa̕; permite proyectar gastos futuros y protegerse ante eventualidades financieras. En esta obra se explican las distintas formas y niveles de ahorro y los recursos que existen para llevarlas a cabo.
|
| 506 |
1 |
|
|a Disponible solo en los productos indicados
|d vLex Global
|d vLex Global (Academic Edition, excluding Law Schools)
|d vLex Global (U.S. Academic Edition, Law Schools)
|d vLex Global (U.S. Academic Edition, excluding Law Schools)
|d vLex Global (Academic Edition, Law Schools)
|
| 650 |
0 |
4 |
|a Financiero
|z Mx̌ico
|
| 740 |
0 |
|
|a vLex Libros (Servicio en ln̕ea)
|
| 856 |
4 |
0 |
|u http://vlex.com/source/ahorro-en-mexico-20302
|z Acceso restringido
|
| 942 |
|
|
|c BOOK
|
| 999 |
0 |
|
|a Financial
|